00493nam a2200169Ia 4500003000900000008004100009040001300050040001300063041000800076245014900084250000900233260001200242260001000254300001000264490000600274710004300280IT-RoPAU120407s9999 xx 000 0 und d aIT-RoPAU cIT-RoPAU aita a"Beatificacationsis et Canonizationis servae Dei Theclae Merlo (in sae.: Mariae Teresiae) Cunfundatricis congr. Filiarum a S. Paulo 1894-1964" aRoma aGuerra  c1979  c29 cm v1 aSacra Congregatio pro causis Sanctirum